Twin Capital Cities - Statistics

General Stats
  • This quiz has been taken 156 times
    73 since last reset
  • The average score is 29 of 36
Answer Stats
ANSWER % Correct
Rome
97%
Seoul
94%
Tallinn
94%
Vatican City
94%
Buenos Aires
92%
Pyongyang
92%
Vienna
92%
Montevideo
91%
Amman
89%
Jerusalem
89%
Kuala Lumpur
89%
Singapore
89%
Beirut
88%
Bratislava
88%
Helsinki
88%
Damascus
86%
Brazzaville
85%
Kinshasa
85%
Tbilisi
85%
Doha
83%
Yerevan
82%
Manama
78%
Zagreb
77%
Ljubljana
75%
Colombo
74%
Conakry
74%
Freetown
69%
Kigali
68%
Male
68%
Saint John's
68%
Washington
68%
Gitega
66%
Maputo
66%
Ottawa
66%
Mbabane
65%
Basseterre
58%
No matching quizzes found
Score Distribution
Percent of People with Each Score
Percentile by Number Answered
Your Score History
You have not taken this quiz since the last reset